书目信息 |
| 题名: |
建筑CAD
|
|
| 作者: | 巩建学 , 张建新 , 毕莹莹 主编 | |
| 分册: | ||
| 出版信息: | 北京 中国建材工业出版社 2014 |
|
| 页数: | 131页 | |
| 开本: | 26cm | |
| 丛书名: | ||
| 单 册: | ||
| 中图分类: | TU201.4 | |
| 科图分类: | ||
| 主题词: | 建筑设计--计算机辅助设计--AutoCAD软件--高等职业教育--教材 , 建筑设计 , AutoCAD软件 , 计算机辅助设计 | |
| 电子资源: | ||
| ISBN: | 978-7-5160-0704-4 | |
| 000 | 01069nam0 2200289 450 | |
| 001 | 141430 | |
| 005 | 20141106152059.68 | |
| 010 | @a978-7-5160-0704-4@dCNY 36.00 | |
| 100 | @a20140319d2014 em y0chiy50 ea | |
| 101 | 0 | @achi |
| 102 | @aCN@b110000 | |
| 105 | @ay z 000yy | |
| 200 | 1 | @a建筑CAD@9jian zhu CAD@b专著@f巩建学,毕莹莹,张建新主编 |
| 210 | @a北京@c中国建材工业出版社@d2014 | |
| 215 | @a131页@d26cm | |
| 300 | @a高等职业教育土建专业系列教材 高等职业教育校企合作教材 | |
| 330 | @a本书主要包括9个项目,分别是:建筑平面图绘制、建筑立面图绘制、建筑剖面图绘制、建筑大样图绘制、基础平面配筋图绘制、柱平面配筋图绘制、梁平面配筋图绘制和板平面配筋图绘制等。 | |
| 606 | 0 | @a建筑设计@x计算机辅助设计@xAutoCAD软件@x高等职业教育@j教材 |
| 606 | 0 | @a建筑设计 |
| 606 | 0 | @aAutoCAD软件 |
| 606 | 0 | @a计算机辅助设计 |
| 690 | @aTU201.4@v5 | |
| 701 | 0 | @a巩建学@9gong jian xue@c(建筑设计)@4主编 |
| 701 | 0 | @a张建新@9zhang jian xin@f(1980~)@4主编 |
| 701 | 0 | @a毕莹莹@9bi ying ying@c(女,@f1983~)@4主编 |
| 801 | 0 | @c20141106 |
| 905 | @a241430@dTU201.4@eG400 | |
| 建筑CAD/巩建学,毕莹莹,张建新主编.-北京:中国建材工业出版社,2014 |
| 131页;26cm |
| 高等职业教育土建专业系列教材 高等职业教育校企合作教材 |
| ISBN 978-7-5160-0704-4:CNY 36.00 |
| 本书主要包括9个项目,分别是:建筑平面图绘制、建筑立面图绘制、建筑剖面图绘制、建筑大样图绘制、基础平面配筋图绘制、柱平面配筋图绘制、梁平面配筋图绘制和板平面配筋图绘制等。 |
| ● |
| 相关链接 |
|
|
|
正题名:建筑CAD
索取号:TU201.4/G400
 
预约/预借
| 序号 | 登录号 | 条形码 | 馆藏地/架位号 | 状态 | 备注 |
| 1 | 0837906 | 208379066 | 建筑库101/101建筑库 33排4列3层/ [索取号:TU201.4/G400] | 在馆 | |
| 2 | 0837907 | 208379075 | 建筑库101/101建筑库 33排4列3层/ [索取号:TU201.4/G400] | 在馆 | |
| 3 | 0837908 | 208379084 | 建筑库101/101建筑库 33排4列3层/ [索取号:TU201.4/G400] | 在馆 |